000
00335nam a2200157Ia 4500
100
_a
Peterson/ C.H./ Lewis/ W
650
_a
Economics
942
_c
BK
654
_a
Econmics
245
_a
Managerial Economics
260
_b
P.H.I
_a
New Delhi
_c
1995
082
_a
658.4033
_b
PAN
300
_a
429
546
_a
ENGLISH
999
_c
32729
_d
32729